000 nam a22 7a 4500
999 _c7899
_d7899
008 171107b xxu||||| |||| 00| 0 eng d
100 _aCarolyn.R.
_94364
245 _aA quiver full of arrows
260 _bCoronet Book
_c1981